000 00942nam2a2200253 4500
001 RU\NLR\ONL1\21609
005 20250613223337.0
035 _a(NLR Aleph) 010207332
090 _a10258450
_c10258450
100 _a20130109d1939 |||y0rusy50 ca
101 0 _akom
102 _aRU
105 _aa |||||||||
200 0 _aЧ. 1
_eдля 3 класса
205 _a5-е изд.
210 _d1939
_aБ. м.
215 _a142 с.
_cил.
_eкарты
461 0 _1001RU\NLR\ONL1\21608
_12001#$aЧ. 1
_1700#1$aТерехова$bЛ. Г.$gЛидия Григорьевна$4070
_910258446
_aТерехова, Л. Г.
_cСыктывкар
_d1939
_fЛ. Г. Терехова да В. Г. Эрдели
_nКомигиз
_oначальнöй школалы учебник
_tГеография
801 0 _aRU
_bNLR
_c20130109
_gPSBO
852 _aNLR
_bОНЛ
_jКоми-з./3-147
942 _cBOOK
980 _aNB